| 000 | 00571nam a2200181Ia 4500 | ||
|---|---|---|---|
| 999 |
_c19969 _d19969 |
||
| 003 | OSt | ||
| 005 | 20200608151037.0 | ||
| 008 | 190216s9999||||xx |||||||||||||| ||und|| | ||
| 020 | _a9780333434406 | ||
| 040 | _coclc | ||
| 082 |
_a322.10947 _bPOS/H |
||
| 100 |
_a Pospielovsky, Dimitry V _92553 |
||
| 245 | 0 |
_aA History Of Marxist-Leninist Atheism And Soviet Antireligious Policies / _cDimitry V Pospielovsky |
|
| 250 | _aVol 1 | ||
| 260 |
_bMacmillan, _c1987. _aLondon: |
||
| 300 | _a189p | ||
| 942 |
_cBK _2ddc _h322.10947 _iPOS/H _k322.10947 _mPOS/H |
||